<?xml version="1.0" encoding="UTF-8"?>
<record
    xmlns:xsi="http://www.w3.org/2001/XMLSchema-instance"
    xsi:schemaLocation="http://www.loc.gov/MARC21/slim http://www.loc.gov/standards/marcxml/schema/MARC21slim.xsd"
    xmlns="http://www.loc.gov/MARC21/slim">

  <leader>04192cam a2200337 a 4500</leader>
  <datafield tag="999" ind1=" " ind2=" ">
    <subfield code="c">77215</subfield>
    <subfield code="d">314492</subfield>
  </datafield>
  <controlfield tag="001">49044701</controlfield>
  <controlfield tag="003">OCoLC</controlfield>
  <controlfield tag="005">20190821131703.0</controlfield>
  <controlfield tag="008">010313s2002    nyu      b    001 0 eng  </controlfield>
  <datafield tag="010" ind1=" " ind2=" ">
    <subfield code="a">2001025746</subfield>
  </datafield>
  <datafield tag="020" ind1=" " ind2=" ">
    <subfield code="a">0521808294</subfield>
  </datafield>
  <datafield tag="020" ind1=" " ind2=" ">
    <subfield code="a">9780521808293</subfield>
  </datafield>
  <datafield tag="020" ind1=" " ind2=" ">
    <subfield code="a">0521004403</subfield>
    <subfield code="c">(pb.)</subfield>
  </datafield>
  <datafield tag="020" ind1=" " ind2=" ">
    <subfield code="a">9780521004404</subfield>
    <subfield code="c">(pb.)</subfield>
  </datafield>
  <datafield tag="035" ind1=" " ind2=" ">
    <subfield code="a">(OCoLC)49044701</subfield>
  </datafield>
  <datafield tag="040" ind1=" " ind2=" ">
    <subfield code="a">DLC</subfield>
    <subfield code="c">DLC</subfield>
    <subfield code="d">UKM</subfield>
    <subfield code="d">C#P</subfield>
    <subfield code="d">DAY</subfield>
    <subfield code="d">IXA</subfield>
    <subfield code="d">BAKER</subfield>
    <subfield code="d">BTCTA</subfield>
    <subfield code="d">YDXCP</subfield>
    <subfield code="d">U3Q</subfield>
    <subfield code="d">BCW</subfield>
    <subfield code="d">OUN</subfield>
  </datafield>
  <datafield tag="050" ind1="0" ind2="0">
    <subfield code="a">P51</subfield>
    <subfield code="b">.M44 2001</subfield>
  </datafield>
  <datafield tag="082" ind1=" " ind2=" ">
    <subfield code="2">23</subfield>
    <subfield code="a">RJM</subfield>
    <subfield code="b">418.0071</subfield>
  </datafield>
  <datafield tag="245" ind1="0" ind2="0">
    <subfield code="a">Methodology in language teaching :</subfield>
    <subfield code="b">an anthology of current practice /</subfield>
    <subfield code="c">edited by Jack C. Richards and Willy A. Renandya</subfield>
  </datafield>
  <datafield tag="260" ind1=" " ind2=" ">
    <subfield code="a">New York :</subfield>
    <subfield code="b">Cambridge University Press,</subfield>
    <subfield code="c">2002</subfield>
  </datafield>
  <datafield tag="300" ind1=" " ind2=" ">
    <subfield code="a">vii, 422 p. ;</subfield>
    <subfield code="c">26 cm</subfield>
  </datafield>
  <datafield tag="504" ind1=" " ind2=" ">
    <subfield code="a">Includes bibliographical references and index</subfield>
  </datafield>
  <datafield tag="505" ind1="0" ind2=" ">
    <subfield code="a">1. English language teaching in the post-method era / H. Douglas Brown -- 2. Theories of teaching in langage teaching / Jack C. Richards -- 3. Lesson planning / Thomas S. C. Farrell -- 4. Classroom management / Marilyn Lewis -- 5. Implementing cooperative learning / George M. Jacobs and Stephen Hall -- 6. Mixed-level teaching: tiered tasks and bias tasks / Bill Bowler and Sue Parminter -- 7. The ELT curriculum: a flexible model for a changing world / Denise Finney -- 8. The role of materials in the language classroom / Jane Crawford -- 9. Implementing task-based language teaching / David Beglar and Alan Hunt -- 10. Project work: a means to promote language and content / Fredricka L. Stoller -- 11. Language learning strategies in a nutshell / Rebecca l. Oxford -- 12. Learner strategy training in the classroom / David Nunan -- 13. Seven bad reasons for teaching grammar and two good ones / Michael Swan -- 14. Addressing the grammar gap in task work / Jack C. Richards -- 15. Grammar teaching / Rod Ellis -- 16. Beyond listen and repeat pronunciation teaching materials and theories of second language acquisition / Rodney H. Jones -- 17. PracTESOL / Julie Hebert -- 18. Factors to consider : developing adult EFL students speaking abilities / Kang Shumin -- 19. Conversational English / Wai King Tsang and Matilda Wong -- 20. Developing discussion skills in the ESL classroom / Christopher F. Green, Elsie R. Christopher, and Jacqueline Lam -- 21. Listening in language learning / David Nunan -- 22. The changing face of listening / John Field -- 23. Raising students awareness of the features of real-world listening input / Wendy Y. K. Lam -- 24. Current research and practice in teaching vocabulary / Alan Hunt and David Beglar -- 25. Best practice in vocabulary teaching and learning / Paul Nation -- 26. Dilemmas for the development of second language reading abilities / William Grabe -- 27.Teaching stratigic reading / Joy Janzen -- 28. Extensive reading / Willy A. Renandya and Goerge M. Jacobs -- 29. Ten steps in planning a writing course and training teachers of writing / Ann Raimes -- 30. The writing process and process writing / Anthony Seow -- 31. A genre based approach to content writing instruction / Randi Reppen -- 32. Teaching students to self-edit / Dana Ferris -- 33. Alternative assessment / Ana Huerta-Macias -- 34. Nontraditional forms of assessment and response to student writing / Andrea H. Penaflorida -- 35. English proficiency test / Ishbel Hingle and Viv Linington -- 36. Video in the ELT classroom / Susan Stempleski -- 37. The internet fo English teaching: guidelines fo teachers / Mark Warschauer and P. Fawn Whittaker -- 38. What can the World Wide Web offer ESL teachers / Rong-Chang Li and Robert S. Hart -- 39. The English teacher as professional / Penny Ur -- 40. Developing our professional competence / Joanne Pettis -- 41. Research in your own classroom / Elizabeth Taylor</subfield>
  </datafield>
  <datafield tag="650" ind1=" " ind2="0">
    <subfield code="a">Language and languages</subfield>
    <subfield code="x">Study and teaching</subfield>
    <subfield code="9">74579</subfield>
  </datafield>
  <datafield tag="650" ind1=" " ind2="0">
    <subfield code="a">English language</subfield>
    <subfield code="x">Study and teaching</subfield>
    <subfield code="x">Foreign speakers</subfield>
    <subfield code="9">74580</subfield>
  </datafield>
  <datafield tag="700" ind1="1" ind2=" ">
    <subfield code="a">Richards, Jack C</subfield>
    <subfield code="9">74581</subfield>
  </datafield>
  <datafield tag="700" ind1="1" ind2=" ">
    <subfield code="a">Renandya, Willy A</subfield>
    <subfield code="9">74582</subfield>
  </datafield>
  <datafield tag="856" ind1="4" ind2="2">
    <subfield code="3">Publisher description</subfield>
    <subfield code="u">http://www.loc.gov/catdir/description/cam021/2001025746.html</subfield>
  </datafield>
  <datafield tag="856" ind1="4" ind2="1">
    <subfield code="3">Table of contents</subfield>
    <subfield code="u">http://www.loc.gov/catdir/toc/cam027/2001025746.html</subfield>
  </datafield>
  <datafield tag="942" ind1=" " ind2=" ">
    <subfield code="2">ddc</subfield>
    <subfield code="c">BOOK</subfield>
  </datafield>
  <datafield tag="952" ind1=" " ind2=" ">
    <subfield code="1">0</subfield>
    <subfield code="2">2019-08-21</subfield>
    <subfield code="4">0</subfield>
    <subfield code="7">0</subfield>
    <subfield code="a">RJM 418.0071</subfield>
    <subfield code="d">2019-08-21</subfield>
    <subfield code="h">CL</subfield>
    <subfield code="i">00157583</subfield>
    <subfield code="m">CL</subfield>
    <subfield code="r">2019-08-21 00:00:00</subfield>
    <subfield code="t">BOOK</subfield>
    <subfield code="w">ddc</subfield>
    <subfield code="y">0</subfield>
  </datafield>
  <datafield tag="952" ind1=" " ind2=" ">
    <subfield code="1">0</subfield>
    <subfield code="2">2019-08-21</subfield>
    <subfield code="4">0</subfield>
    <subfield code="7">0</subfield>
    <subfield code="a">RJM 418.0071</subfield>
    <subfield code="d">2019-08-21</subfield>
    <subfield code="h">CL</subfield>
    <subfield code="i">00157584</subfield>
    <subfield code="m">CL</subfield>
    <subfield code="r">2019-08-21 00:00:00</subfield>
    <subfield code="t">BOOK</subfield>
    <subfield code="w">ddc</subfield>
    <subfield code="y">0</subfield>
  </datafield>
  <datafield tag="952" ind1=" " ind2=" ">
    <subfield code="1">0</subfield>
    <subfield code="2">2019-08-21</subfield>
    <subfield code="4">0</subfield>
    <subfield code="7">0</subfield>
    <subfield code="a">RJM 418.0071</subfield>
    <subfield code="d">2019-08-21</subfield>
    <subfield code="h">CL</subfield>
    <subfield code="i">00157585</subfield>
    <subfield code="m">CL</subfield>
    <subfield code="r">2019-08-21 00:00:00</subfield>
    <subfield code="t">BOOK</subfield>
    <subfield code="w">ddc</subfield>
    <subfield code="y">0</subfield>
  </datafield>
  <datafield tag="952" ind1=" " ind2=" ">
    <subfield code="1">0</subfield>
    <subfield code="2">2019-08-21</subfield>
    <subfield code="4">0</subfield>
    <subfield code="7">0</subfield>
    <subfield code="a">RJM 418.0071</subfield>
    <subfield code="d">2019-08-21</subfield>
    <subfield code="h">EMF</subfield>
    <subfield code="i">00157586</subfield>
    <subfield code="m">EMF</subfield>
    <subfield code="r">2019-08-21 00:00:00</subfield>
    <subfield code="t">BOOK</subfield>
    <subfield code="w">ddc</subfield>
    <subfield code="y">0</subfield>
  </datafield>
  <datafield tag="952" ind1=" " ind2=" ">
    <subfield code="1">0</subfield>
    <subfield code="2">2019-08-21</subfield>
    <subfield code="4">0</subfield>
    <subfield code="7">0</subfield>
    <subfield code="a">RJM 418.0071</subfield>
    <subfield code="d">2019-08-21</subfield>
    <subfield code="h">EMF</subfield>
    <subfield code="i">00157587</subfield>
    <subfield code="m">EMF</subfield>
    <subfield code="r">2019-08-21 00:00:00</subfield>
    <subfield code="t">BOOK</subfield>
    <subfield code="w">ddc</subfield>
    <subfield code="y">0</subfield>
  </datafield>
  <datafield tag="952" ind1=" " ind2=" ">
    <subfield code="1">0</subfield>
    <subfield code="2">2019-08-21</subfield>
    <subfield code="4">0</subfield>
    <subfield code="7">0</subfield>
    <subfield code="a">RJM 418.0071</subfield>
    <subfield code="d">2019-08-21</subfield>
    <subfield code="h">SZM</subfield>
    <subfield code="i">00157588</subfield>
    <subfield code="m">SZM</subfield>
    <subfield code="r">2019-08-21 00:00:00</subfield>
    <subfield code="t">BOOK</subfield>
    <subfield code="w">ddc</subfield>
    <subfield code="y">0</subfield>
  </datafield>
  <datafield tag="952" ind1=" " ind2=" ">
    <subfield code="1">0</subfield>
    <subfield code="2">2019-08-21</subfield>
    <subfield code="4">0</subfield>
    <subfield code="7">0</subfield>
    <subfield code="a">RJM 418.0071</subfield>
    <subfield code="d">2019-08-21</subfield>
    <subfield code="h">SZM</subfield>
    <subfield code="i">00157589</subfield>
    <subfield code="m">SZM</subfield>
    <subfield code="r">2019-08-21 00:00:00</subfield>
    <subfield code="t">BOOK</subfield>
    <subfield code="w">ddc</subfield>
    <subfield code="y">0</subfield>
  </datafield>
  <datafield tag="952" ind1=" " ind2=" ">
    <subfield code="1">0</subfield>
    <subfield code="2">2022-03-14</subfield>
    <subfield code="4">0</subfield>
    <subfield code="7">0</subfield>
    <subfield code="a">RJM 418.0071</subfield>
    <subfield code="d">2022-03-14</subfield>
    <subfield code="h">SRF</subfield>
    <subfield code="i">00168700</subfield>
    <subfield code="m">SRF</subfield>
    <subfield code="r">2022-03-14 00:00:00</subfield>
    <subfield code="t">BOOK</subfield>
    <subfield code="w">ddc</subfield>
    <subfield code="y">0</subfield>
  </datafield>
  <datafield tag="952" ind1=" " ind2=" ">
    <subfield code="1">0</subfield>
    <subfield code="2">2022-03-14</subfield>
    <subfield code="4">0</subfield>
    <subfield code="7">0</subfield>
    <subfield code="a">RJM 418.0071</subfield>
    <subfield code="d">2022-03-14</subfield>
    <subfield code="h">SRF</subfield>
    <subfield code="i">00168701</subfield>
    <subfield code="m">SRF</subfield>
    <subfield code="r">2022-03-14 00:00:00</subfield>
    <subfield code="t">BOOK</subfield>
    <subfield code="w">ddc</subfield>
    <subfield code="y">0</subfield>
  </datafield>
  <datafield tag="952" ind1=" " ind2=" ">
    <subfield code="1">0</subfield>
    <subfield code="2">2022-03-14</subfield>
    <subfield code="4">0</subfield>
    <subfield code="7">0</subfield>
    <subfield code="a">RJM 418.0071</subfield>
    <subfield code="d">2022-03-14</subfield>
    <subfield code="h">EZF</subfield>
    <subfield code="i">00168702</subfield>
    <subfield code="m">EZF</subfield>
    <subfield code="r">2022-03-14 00:00:00</subfield>
    <subfield code="t">BOOK</subfield>
    <subfield code="w">ddc</subfield>
    <subfield code="y">0</subfield>
  </datafield>
  <datafield tag="952" ind1=" " ind2=" ">
    <subfield code="1">0</subfield>
    <subfield code="2">2022-03-14</subfield>
    <subfield code="4">0</subfield>
    <subfield code="7">0</subfield>
    <subfield code="a">RJM 418.0071</subfield>
    <subfield code="d">2022-03-14</subfield>
    <subfield code="h">EZF</subfield>
    <subfield code="i">00168703</subfield>
    <subfield code="m">EZF</subfield>
    <subfield code="r">2022-03-14 00:00:00</subfield>
    <subfield code="t">BOOK</subfield>
    <subfield code="w">ddc</subfield>
    <subfield code="y">0</subfield>
  </datafield>
</record>
